000 00464nam a22001697a 4500
999 _c26410
_d26410
003 BDDh-ASL
005 20231015030636.0
008 211008s1965 p ||||| |||| 00| 0 u d
040 _aBDDh-ASL
_cBDDh-ASL
082 _a297.23
_bKIT
245 1 0 _aKitab Arruh : / کتاب الروح
260 _aKarachi :
_bNafees Academy ,
_c1965.
300 _a304 p. :
_c25 cm.
650 0 _91652
_aIslam
700 1 _94880
_aRahmani, Mawlana Raghib
942 _2ddc
_cBK